| Tag |
First Indicator |
Second Indicator |
Subfields |
| LEADER |
00000cas a2200000 a 4500 |
| 001 |
in00000078006 |
| 005 |
20151008055114.0 |
| 008 |
810313c19799999iluar l 0 a0eng d |
| 010 |
|
|
|a 82644038
|
| 016 |
7 |
|
|a 8500740
|2 DNLM
|
| 016 |
7 |
|
|a M19446000
|2 DNLM
|
| 019 |
|
|
|a 9283952
|
| 022 |
0 |
|
|a 0733-4672
|2 1
|
| 029 |
1 |
|
|a NLM
|b 8500740
|
| 035 |
|
|
|a (OCoLC)07224745
|
| 035 |
|
|
|9 AAJ2563AM
|
| 037 |
|
|
|b Commerce Clearing House, Inc., 4025 W. Peterson Ave., Chicago, Ill. 60646
|
| 040 |
|
|
|a TXQ
|c TXQ
|d CHS
|d DLC
|d NSD
|d DLC
|d NST
|d OCL
|d NLM
|d NST
|d NSD
|d NST
|d EYM
|d CLU
|d HVL
|d SYS
|d SLU
|d UtOrBLW
|
| 042 |
|
|
|a lc
|a nsdp
|
| 043 |
|
|
|a n-us---
|
| 049 |
|
|
|a TXAM
|
| 050 |
0 |
0 |
|a KF3608.A4
|b M42
|
| 090 |
|
|
|a KF3608.A4
|b M4
|
| 222 |
|
0 |
|a Medicare explained
|
| 245 |
0 |
0 |
|a Medicare explained.
|
| 246 |
3 |
|
|a CCH Medicare explained
|f 2007-
|
| 264 |
|
1 |
|a Chicago, Ill. :
|b Commerce Clearing House,
|c [1979?-]
|
| 300 |
|
|
|a volumes ;
|c 23 cm.
|
| 310 |
|
|
|a Annual,
|b <1996->
|
| 336 |
|
|
|a text
|b txt
|2 rdacontent
|
| 337 |
|
|
|a unmediated
|b n
|2 rdamedia
|
| 338 |
|
|
|a volume
|b nc
|2 rdacarrier
|
| 362 |
0 |
|
|a 1979-
|
| 490 |
1 |
|
|a 1979- : Current law handybook
|
| 490 |
1 |
|
|a <2005-> :Health law professional series
|
| 650 |
|
0 |
|a Medicare
|x Law and legislation.
|
| 650 |
|
2 |
|a Medicare
|z United States
|x legislation
|v Periodicals.
|
| 710 |
2 |
|
|a Commerce Clearing House.
|
| 780 |
0 |
1 |
|t Social security and medicare explained
|w 0162-6361
|w (DLC) 78645372
|w (OCoLC)4178870
|
| 830 |
|
0 |
|a Current law handybook.
|
| 830 |
|
0 |
|a Health law professional series.
|
| 850 |
|
|
|a AU
|a AzU
|a CLU-L
|a CtY-L
|a DLC
|a DNLM
|a IaCfT
|a IaU
|a KyLoU
|a MCM
|a MiU
|a NN
|a OC
|a PPT
|a PPiU
|a TxCM
|a ViBlbV
|
| 936 |
|
|
|a 1997 LIC
|
| 994 |
|
|
|a C0
|b TXA
|
| 999 |
|
|
|a MARS
|
| 999 |
f |
f |
|s f7b47980-0d7e-31ca-a131-cab882909ec0
|i 666c122c-763c-3b83-a8c6-282e8c7f6409
|t 0
|
| 952 |
f |
f |
|p normal
|a Texas A&M University
|b College Station
|c Sterling C. Evans Library
|d Evans: Library Stacks
|t 0
|e KF3608.A4 M4
|h Library of Congress classification
|i unmediated -- volume
|k 2010
|m A14837494910
|
| 952 |
f |
f |
|p normal
|a Texas A&M University
|b College Station
|c Sterling C. Evans Library
|d Evans: Library Stacks
|t 0
|e KF3608.A4 M4
|h Library of Congress classification
|i unmediated -- volume
|j 2016
|k 2016
|
| 952 |
f |
f |
|p normal
|a Texas A&M University
|b College Station
|c Sterling C. Evans Library
|d Evans: Library Stacks
|t 0
|e KF3608.A4 M4
|h Library of Congress classification
|i unmediated -- volume
|k 2020
|m A14850970568
|
| 952 |
f |
f |
|p normal
|a Texas A&M University
|b College Station
|c Sterling C. Evans Library
|d Evans: Library Stacks
|t 0
|e KF3608.A4 M4
|h Library of Congress classification
|i unmediated -- volume
|k 2014
|m A14842274681
|
| 952 |
f |
f |
|p normal
|a Texas A&M University
|b College Station
|c Sterling C. Evans Library
|d Evans: Library Stacks
|t 0
|e KF3608.A4 M4
|h Library of Congress classification
|i unmediated -- volume
|l 1994
|m A14818035074
|
| 952 |
f |
f |
|p normal
|a Texas A&M University
|b College Station
|c Sterling C. Evans Library
|d Evans: Library Stacks
|t 0
|e KF3608.A4 M4
|h Library of Congress classification
|i unmediated -- volume
|k 2008
|m A14835163848
|
| 952 |
f |
f |
|p normal
|a Texas A&M University
|b College Station
|c Sterling C. Evans Library
|d Evans: Library Stacks
|t 0
|e KF3608.A4 M4
|h Library of Congress classification
|i unmediated -- volume
|k 2019
|m A14850891111
|
| 952 |
f |
f |
|p normal
|a Texas A&M University
|b College Station
|c Sterling C. Evans Library
|d Evans: Library Stacks
|t 0
|e KF3608.A4 M4
|h Library of Congress classification
|i unmediated -- volume
|l 1999
|m A14823458512
|
| 952 |
f |
f |
|p normal
|a Texas A&M University
|b College Station
|c Sterling C. Evans Library
|d Evans: Library Stacks
|t 0
|e KF3608.A4 M4
|h Library of Congress classification
|i unmediated -- volume
|l 1988
|m A14811263309
|
| 952 |
f |
f |
|p normal
|a Texas A&M University
|b College Station
|c Sterling C. Evans Library
|d Evans: Library Stacks
|t 0
|e KF3608.A4 M4
|h Library of Congress classification
|i unmediated -- volume
|k 2011
|m A14839458287
|
| 952 |
f |
f |
|p normal
|a Texas A&M University
|b College Station
|c Sterling C. Evans Library
|d Evans: Library Stacks
|t 0
|e KF3608.A4 M4
|h Library of Congress classification
|i unmediated -- volume
|k 2009
|m A14837470681
|
| 952 |
f |
f |
|p normal
|a Texas A&M University
|b College Station
|c Sterling C. Evans Library
|d Evans: Library Stacks
|t 0
|e KF3608.A4 M4
|h Library of Congress classification
|i unmediated -- volume
|k 2006
|m A14833967482
|
| 952 |
f |
f |
|p normal
|a Texas A&M University
|b College Station
|c Sterling C. Evans Library
|d Evans: Library Stacks
|t 0
|e KF3608.A4 M4
|h Library of Congress classification
|i unmediated -- volume
|k 2018
|m AM1480109865
|
| 952 |
f |
f |
|p normal
|a Texas A&M University
|b College Station
|c Sterling C. Evans Library
|d Evans: Library Stacks
|t 0
|e KF3608.A4 M4
|h Library of Congress classification
|i unmediated -- volume
|k 2015
|m A14843021099
|
| 952 |
f |
f |
|p normal
|a Texas A&M University
|b College Station
|c Sterling C. Evans Library
|d Evans: Library Stacks
|t 0
|e KF3608.A4 M4
|h Library of Congress classification
|i unmediated -- volume
|l 1987
|m A14810911763
|
| 952 |
f |
f |
|p normal
|a Texas A&M University
|b College Station
|c Sterling C. Evans Library
|d Evans: Library Stacks
|t 0
|e KF3608.A4 M4
|h Library of Congress classification
|i unmediated -- volume
|l 1996
|m A14819765478
|
| 952 |
f |
f |
|p normal
|a Texas A&M University
|b College Station
|c Sterling C. Evans Library
|d Evans: Library Stacks
|t 0
|e KF3608.A4 M4
|h Library of Congress classification
|i unmediated -- volume
|l 1991
|m A14813720014
|
| 952 |
f |
f |
|p normal
|a Texas A&M University
|b College Station
|c Sterling C. Evans Library
|d Evans: Library Stacks
|t 0
|e KF3608.A4 M4
|h Library of Congress classification
|i unmediated -- volume
|k 2007
|m A14835176435
|
| 952 |
f |
f |
|p normal
|a Texas A&M University
|b College Station
|c Sterling C. Evans Library
|d Evans: Library Stacks
|t 0
|e KF3608.A4 M4
|h Library of Congress classification
|i unmediated -- volume
|k 2001
|m A14828616408
|
| 952 |
f |
f |
|p normal
|a Texas A&M University
|b College Station
|c Sterling C. Evans Library
|d Evans: Library Stacks
|t 0
|e KF3608.A4 M4
|h Library of Congress classification
|i unmediated -- volume
|l 1993
|m A14817377813
|
| 952 |
f |
f |
|p normal
|a Texas A&M University
|b College Station
|c Sterling C. Evans Library
|d Evans: Library Stacks
|t 0
|e KF3608.A4 M4
|h Library of Congress classification
|i unmediated -- volume
|k 2002
|m A14828616440
|
| 952 |
f |
f |
|p normal
|a Texas A&M University
|b College Station
|c Sterling C. Evans Library
|d Evans: Library Stacks
|t 0
|e KF3608.A4 M4
|h Library of Congress classification
|i unmediated -- volume
|l 1990
|m A14812284015
|
| 952 |
f |
f |
|p normal
|a Texas A&M University
|b College Station
|c Sterling C. Evans Library
|d Evans: Library Stacks
|t 0
|e KF3608.A4 M4
|h Library of Congress classification
|i unmediated -- volume
|l 1982
|m A14809404957
|
| 952 |
f |
f |
|p normal
|a Texas A&M University
|b College Station
|c Sterling C. Evans Library
|d Evans: Library Stacks
|t 0
|e KF3608.A4 M4
|h Library of Congress classification
|i unmediated -- volume
|k 2012
|m A14841353354
|
| 952 |
f |
f |
|p normal
|a Texas A&M University
|b College Station
|c Sterling C. Evans Library
|d Evans: Library Stacks
|t 0
|e KF3608.A4 M4
|h Library of Congress classification
|i unmediated -- volume
|k 2013
|m A14841667151
|
| 952 |
f |
f |
|p normal
|a Texas A&M University
|b College Station
|c Sterling C. Evans Library
|d Evans: Library Stacks
|t 0
|e KF3608.A4 M4
|h Library of Congress classification
|i unmediated -- volume
|k 2017
|m A14850063893
|
| 952 |
f |
f |
|p normal
|a Texas A&M University
|b College Station
|c Sterling C. Evans Library
|d Evans: Library Stacks
|t 0
|e KF3608.A4 M4
|h Library of Congress classification
|i unmediated -- volume
|l 1997
|m A14820971236
|
| 952 |
f |
f |
|p normal
|a Texas A&M University
|b College Station
|c Sterling C. Evans Library
|d Evans: Library Stacks
|t 0
|e KF3608.A4 M4
|h Library of Congress classification
|i unmediated -- volume
|k 2021
|m A14842378052
|
| 952 |
f |
f |
|p normal
|a Texas A&M University
|b College Station
|c Sterling C. Evans Library
|d Evans: Library Stacks
|t 0
|e KF3608.A4 M4
|h Library of Congress classification
|i unmediated -- volume
|k 2004
|m A14831400913
|
| 952 |
f |
f |
|p normal
|a Texas A&M University
|b College Station
|c Sterling C. Evans Library
|d Evans: Library Stacks
|t 0
|e KF3608.A4 M4
|h Library of Congress classification
|i unmediated -- volume
|l 1986
|m A14810762855
|
| 952 |
f |
f |
|p normal
|a Texas A&M University
|b College Station
|c Sterling C. Evans Library
|d Evans: Library Stacks
|t 0
|e KF3608.A4 M4
|h Library of Congress classification
|i unmediated -- volume
|k 2005
|m A14831423131
|
| 952 |
f |
f |
|p normal
|a Texas A&M University
|b College Station
|c Sterling C. Evans Library
|d Evans: Library Stacks
|t 0
|e KF3608.A4 M4
|h Library of Congress classification
|i unmediated -- volume
|l 1992
|m A14815958451
|
| 952 |
f |
f |
|p normal
|a Texas A&M University
|b College Station
|c Sterling C. Evans Library
|d Evans: Library Stacks
|t 0
|e KF3608.A4 M4
|h Library of Congress classification
|i unmediated -- volume
|l 1981
|m A14815960898
|
| 998 |
f |
f |
|a KF3608.A4 M4
|s 2001-2002,2004-2021
|t 0
|l Evans: Library Stacks
|